Calculus of one variable (Record no. 456)

MARC details
000 -LEADER
Fixed length control field 00477nam a2200181 4500
003 - CONTROL NUMBER IDENTIFIER
Control field SEACOMEC
005 - DATE AND TIME OF LATEST TRANSACTION
Control field 20240111144635.0
008 - FIXED-LENGTH DATA ELEMENTS--GENERAL INFORMATION
Fixed length control field 240111b |||||||| |||| 00| 0 eng d
020 ## - INTERNATIONAL STANDARD BOOK NUMBER / ISBN
Price Rs.150.00
040 ## - CATALOGING SOURCE
Original cataloging agency SEACOMEC
082 ## - DEWEY DECIMAL CLASSIFICATION NUMBER
Classification number 515.83
Book Number P187
100 ## - MAIN ENTRY--PERSONAL NAME
Personal name Pandey,G.S.
245 1# - TITLE STATEMENT
Title Calculus of one variable
Statement of responsibility G.S. Pandey,V.P. Saxena,R.L. Mahajan
260 ## - IMPRINT
Place of publication New Delhi
Name of publisher Wishwa Prakashan
Date of publication 2002
650 ## - SUBJECT ADDED ENTRY--TOPICAL TERM
Topical term mathematics,Analysis
700 ## - ADDED ENTRY--PERSONAL NAME
Personal name Saxena,V.P.
942 ## - ADDED ENTRY ELEMENTS (KOHA)
Koha item type Books
Holdings
Withdrawn status Lost status Source of classification Damaged status Not for loan Home library Current library Date acquired Total Checkouts Call number Accession number Date last seen Copy number Price effective from Koha item type
    Dewey Decimal Classification     SEACOM ENGINEERING COLLEGE SEACOM ENGINEERING COLLEGE 04/06/2006   515.83 P187 01517 11/01/2024 5 11/01/2024 Books
    Dewey Decimal Classification     SEACOM ENGINEERING COLLEGE SEACOM ENGINEERING COLLEGE 04/06/2006   515.83 P187 01518 11/01/2024 6 11/01/2024 Books
    Dewey Decimal Classification     SEACOM ENGINEERING COLLEGE SEACOM ENGINEERING COLLEGE 04/06/2006   515.83 P187 01519 11/01/2024 7 11/01/2024 Books
    Dewey Decimal Classification     SEACOM ENGINEERING COLLEGE SEACOM ENGINEERING COLLEGE 04/06/2006   515.83 P187 01520 11/01/2024 8 11/01/2024 Books
    Dewey Decimal Classification     SEACOM ENGINEERING COLLEGE SEACOM ENGINEERING COLLEGE 04/06/2006   515.83 P187 01521 11/01/2024 9 11/01/2024 Books
© Seacom Engineering College, All rights reserved.      Powered by Koha